Tobe Hooper Movies Quiz Stats

 Plays Quiz not verified by Sporcle

Score 0/14 Timer 04:00
0 Plays Today
Year Movie % Correct
1974The Texas Chainsaw Massacre
94%
1982Poltergeist
86.6%
1986The Texas Chainsaw Massacre 2
80.6%
1985Lifeforce
67.2%
1976Eaten Alive
59.7%
1986Invaders From Mars
58.2%
2004Toolbox Murders
56.7%
Year Movie % Correct
1981The Funhouse
55.2%
1969Eggshells
50.7%
1990Spontaneous Combustion
46.3%
1995The Mangler
46.3%
2013Djinn
37.3%
2005Mortuary
28.4%
1993Night Terrors
23.9%

You're not logged in!

Compare scores with friends on all Sporcle quizzes.
OR
Log In

Sporcle TV

Today on Sporcle TV


Watch our educational content, quiz creation guides, and fun videos on Sporcle TV.

Show Comments

Extras

Top Quizzes Today


Score Distribution

Your Account Isn't Verified!

In order to create a playlist on Sporcle, you need to verify the email address you used during registration. Go to your Sporcle Settings to finish the process.

Report this User

Report this user for behavior that violates our Community Guidelines.

Details: